Представление документа в формате MARC21

ПолеНазваниеЗначение
  Тип записи a
  Библиографический уровень m
001 Контрольный номер RU\infra-m\znanium\bibl\1079231
005 Дата корректировки 20260429142219.2
008 Кодируемые данные 250213s2019 RU g rus u
020 Индекс ISBN __
a ISBN 978-5-16-108428-1 (электр. издание)
040 Источник каталогиз. __
a Служба первич. каталог. Общество с ограниченной ответственностью «ЗНАНИУМ»
041 Код языка издания __
a Код языка текста rus
044 Код страны публикации __
a Код страны публикации RU
080 Индекс УДК __
a Индекс УДК 675(075.8)
084 Индекс другой классификации/Индекс ББК __
2 Источник индекса rubbk
a Индекс другой классификации/Индекс ББК 37.25я73
084 Индекс другой классификации/Индекс ББК __
2 Источник индекса okso
a Индекс другой классификации/Индекс ББК 29.03.05
084 Индекс другой классификации/Индекс ББК __
2 Источник индекса okso
a Индекс другой классификации/Индекс ББК 29.04.04
100 Автор __
a Автор Козлова Т.В.
q Полное имя Козлова Татьяна Васильевна
u Дополнение Российский государственный университет им. А.Н. Косыгина
245 Заглавие __
a Заглавие Основы художественного проектирования изделий из кожи
b Продолж. заглавия Учебное пособие
c Ответственность Российский государственный университет им. А.Н. Косыгина
250 Сведения об издании __
a Основные сведения об издании 1
260 Выходные данные __
a Место издания Москва
b Издательство ООО "Научно-издательский центр ИНФРА-М"
c Дата издания 2019
300 Физическое описание __
a Объем 192 с.
440 Серия __
a Серия Высшее образование: Бакалавриат
520 Аннотация __
a Аннотация В книге дана история создания изделий из кожи их классификация приведены конструкции моделей. Рассмотрены основы художественного конструирования изделий из кожи обувь как функциональная часть костюма и ансамбля особенности художественного оформления обуви и кожгалантерейных изделий. Книга предназначена в качестве учебного пособия для студентов вузов и может быть использована работниками обувной кожгалантерейной и кожевенной промышленности.
521 Примеч. о цел. назн. __
a Примеч. о целев. назн. ВО - Бакалавриат
650 Тематические рубрики __
a Основная рубрика Промышленность. Энергетика
x Основная подрубрика Кожевенная промышленность
655 Указ. предметных рубрик (устаревшее) __
a Жанр/ форма (устаревшее) Учебное пособие
856 Электронный адрес документа 4_
a Имя сервера/домена znanium.com
m Помощь ebs_support@infra-m.ru
n Местонахождение сервера НИЦ ИНФРА-М
u URL https://znanium.com/catalog/document?id=353138
856 Электронный адрес документа 48
a Имя сервера/домена znanium.com
d Путь /cover/1079
f Электронное имя 1079231.jpg
q Тип электронного формата image/jpeg
u URL https://znanium.com/cover/1079/1079231.jpg
911 __
u 0030=https://znanium.com/catalog/document?id=353138